Proceeding of the advanced workshop and tutorial on operations research (Record no. 5610)
[ view plain ]
| 000 -LEADER | |
|---|---|
| fixed length control field | 00689nam a22002177a 4500 |
| 003 - CONTROL NUMBER IDENTIFIER | |
| control field | OSt |
| 005 - DATE AND TIME OF LATEST TRANSACTION | |
| control field | 20220107122825.0 |
| 008 - FIXED-LENGTH DATA ELEMENTS--GENERAL INFORMATION | |
| fixed length control field | 170531b xxu||||| |||| 00| 0 eng d |
| 020 ## - INTERNATIONAL STANDARD BOOK NUMBER | |
| International Standard Book Number | 9788184249408 |
| 040 ## - CATALOGING SOURCE | |
| Transcribing agency | IIITMK |
| 082 ## - DEWEY DECIMAL CLASSIFICATION NUMBER | |
| Classification number | 658.4034 KRI/P |
| 100 ## - MAIN ENTRY--PERSONAL NAME | |
| Personal name | Krishnamurthy, Nagarajan (Eds.) |
| 9 (RLIN) | 11791 |
| 245 ## - TITLE STATEMENT | |
| Title | Proceeding of the advanced workshop and tutorial on operations research |
| Statement of responsibility, etc. | Nagarajan Krishnamurthy and N. Ravichandran |
| 260 ## - PUBLICATION, DISTRIBUTION, ETC. | |
| Place of publication, distribution, etc. | New Delhi, |
| Name of publisher, distributor, etc. | Allied Publishers Pvt. Ltd., |
| Date of publication, distribution, etc. | 2014. |
| 300 ## - PHYSICAL DESCRIPTION | |
| Extent | x, 155p. |
| 650 ## - SUBJECT ADDED ENTRY--TOPICAL TERM | |
| Topical term or geographic name entry element | MANAGEMENT |
| 9 (RLIN) | 11792 |
| 650 ## - SUBJECT ADDED ENTRY--TOPICAL TERM | |
| Topical term or geographic name entry element | OPERATIONS RESEARCH |
| 9 (RLIN) | 11793 |
| 650 ## - SUBJECT ADDED ENTRY--TOPICAL TERM | |
| Topical term or geographic name entry element | PROCEEDINGS |
| 9 (RLIN) | 11794 |
| 700 ## - ADDED ENTRY--PERSONAL NAME | |
| Personal name | Ravichandran, N. |
| 9 (RLIN) | 11795 |
| 942 ## - ADDED ENTRY ELEMENTS (KOHA) | |
| Source of classification or shelving scheme | Dewey Decimal Classification |
| Koha item type | Books |
| Withdrawn status | Lost status | Source of classification or shelving scheme | Damaged status | Not for loan | Collection code | Home library | Current library | Shelving location | Date acquired | Total Checkouts | Full call number | Barcode | Date last seen | Price effective from | Koha item type |
|---|---|---|---|---|---|---|---|---|---|---|---|---|---|---|---|
| Dewey Decimal Classification | Operations Research | Kerala University of Digital Sciences, Innovation and Technology Knowledge Centre | Kerala University of Digital Sciences, Innovation and Technology Knowledge Centre | Management | 31/05/2017 | 658.4034 KRI/P | 4794 | 03/12/2020 | 31/05/2017 | Books |